<?xml version='1.0' encoding='UTF-8'?>
  <record xmlns="http://www.loc.gov/MARC21/slim">
    <leader>00000ntm a22000007a 4500</leader>
    <controlfield tag="001">ocn965420008</controlfield>
    <controlfield tag="003">OCoLC</controlfield>
    <controlfield tag="005">20241013151440.2</controlfield>
    <controlfield tag="008">150320q13501400ne            000 0 lat d</controlfield>
    <datafield tag="040" ind1=" " ind2=" ">
      <subfield code="a">QGJ</subfield>
      <subfield code="b">dut</subfield>
      <subfield code="c">QGJ</subfield>
      <subfield code="d">OCLCL</subfield>
      <subfield code="d">OCLCQ</subfield>
    </datafield>
    <datafield tag="035" ind1=" " ind2=" ">
      <subfield code="a">(OCoLC)965420008</subfield>
    </datafield>
    <datafield tag="100" ind1="0" ind2=" ">
      <subfield code="a">Martinus Polonus.</subfield>
      <subfield code="4">aut</subfield>
    </datafield>
    <datafield tag="245" ind1="1" ind2="0">
      <subfield code="a">Chronica pontificum et imperatorum /</subfield>
      <subfield code="c">Martinus Polonus ; cum continuatione Bernardi Guidonis.</subfield>
      <subfield code="f">UBU Hs. 739 (Hs 5 D 13).</subfield>
    </datafield>
    <datafield tag="246" ind1="3" ind2=" ">
      <subfield code="a">Chronicon</subfield>
    </datafield>
    <datafield tag="260" ind1=" " ind2=" ">
      <subfield code="a">[Utrecht?],</subfield>
      <subfield code="c">[1350-1400]</subfield>
    </datafield>
    <datafield tag="300" ind1=" " ind2=" ">
      <subfield code="a">64 fols. :</subfield>
      <subfield code="b">1 pen-flourished initial ;</subfield>
      <subfield code="c">310 x 225 mm.</subfield>
    </datafield>
    <datafield tag="336" ind1=" " ind2=" ">
      <subfield code="a">text</subfield>
      <subfield code="b">txt</subfield>
      <subfield code="2">rdacontent</subfield>
    </datafield>
    <datafield tag="337" ind1=" " ind2=" ">
      <subfield code="a">unmediated</subfield>
      <subfield code="b">n</subfield>
      <subfield code="2">rdamedia</subfield>
    </datafield>
    <datafield tag="338" ind1=" " ind2=" ">
      <subfield code="a">volume</subfield>
      <subfield code="b">nc</subfield>
      <subfield code="2">rdacarrier</subfield>
    </datafield>
    <datafield tag="340" ind1=" " ind2=" ">
      <subfield code="a">parchment</subfield>
      <subfield code="k">1 column, 53 lines, littera textualis.</subfield>
    </datafield>
    <datafield tag="500" ind1=" " ind2=" ">
      <subfield code="a">Preliminary title.</subfield>
    </datafield>
    <datafield tag="524" ind1=" " ind2=" ">
      <subfield code="a">Cite as: Universiteitsbibliotheek Utrecht Hs. 739 (Hs 5 D 13).</subfield>
    </datafield>
    <datafield tag="581" ind1=" " ind2=" ">
      <subfield code="a">P.A. Tiele, Catalogus codicum manu scriptorum Bibliothecae Universitatis Rheno-Trajectinae. I. Trajecti ad Rhenum / Hagae Comitis 1887. P. 194.</subfield>
    </datafield>
    <datafield tag="581" ind1=" " ind2=" ">
      <subfield code="a">K. van der Horst, Illuminated and decorated medieval manuscripts in the University Library, Utrecht. An illustrated catalogue. Maarssen / 's-Gravenhage 1989. P. 5 nr. 13, afb. 67.</subfield>
    </datafield>
    <datafield tag="581" ind1=" " ind2=" ">
      <subfield code="a">A.S. Korteweg, 'The master of Catherine of Cleves. Unique genius of teamwork?', in: The hours of Catherine of Cleves. Devotion, demons and daily life in the fifteenth century. Tent. cat. Museum Het Valkhof, Nijmegen. [Antwerpen etc.] 2009, p. 44-73. P. 71 nt. 28.</subfield>
    </datafield>
    <datafield tag="581" ind1=" " ind2=" ">
      <subfield code="a">B. Jaski, 'Een codicologische queeste naar de oudste handschriften en handschriftfragmenten uit de bibliotheek van de Paulusabdij', in: De nalatenschap van de Paulusabdij in Utrecht. Red. H. van Engen &amp; K. van Vliet. Hilversum 2012, p. 103-169 (= Middeleeuwse studies en bronnen 130). P. 146 nt. 127.</subfield>
    </datafield>
    <datafield tag="655" ind1=" " ind2="7">
      <subfield code="a">Handschriften (vorm)</subfield>
      <subfield code="0">088143309</subfield>
      <subfield code="2">gtt</subfield>
    </datafield>
    <datafield tag="700" ind1="0" ind2=" ">
      <subfield code="a">Bernardus Guidonis,</subfield>
      <subfield code="d">ca. 1261-1331.</subfield>
    </datafield>
    <datafield tag="710" ind1="2" ind2=" ">
      <subfield code="a">Regulierenklooster (Utrecht)</subfield>
      <subfield code="e">former owner.</subfield>
      <subfield code="4">fmo</subfield>
      <subfield code="5">NL-UtRU</subfield>
    </datafield>
    <datafield tag="758" ind1=" " ind2=" ">
      <subfield code="a">UBU Hs. 740 (Hs 5 D 13*) Chronica pontificum et imperatorum (Text)</subfield>
      <subfield code="1">https://id.oclc.org/worldcat/entity/E39PCYWYcDYDdjRgJ6V4MtMYrm</subfield>
      <subfield code="4">https://id.oclc.org/worldcat/ontology/hasWork</subfield>
    </datafield>
    <datafield tag="936" ind1=" " ind2=" ">
      <subfield code="a">BATCHLOAD</subfield>
    </datafield>
  </record>